Normal view
MARC view
- Benson S
Entry Personal Name
001 - CONTROL NUMBER
- control field: 17282
003 - CONTROL NUMBER IDENTIFIER
- control field: OSt
005 - DATE AND TIME OF LATEST TRANSACTION
- control field: 20220803171204.0
008 - FIXED-LENGTH DATA ELEMENTS
- fixed length control field: 220803|| aca||aabn | a|a d
040 ## - CATALOGING SOURCE
- Original cataloging agency: OSt
- Transcribing agency: OSt
100 ## - HEADING--PERSONAL NAME
- Personal name: Benson S
670 ## - SOURCE DATA FOUND
- Source citation: Work cat.: (OSt)12226: Benson S, California : Life Is Great In The Golden State, 2003